World Capitals by Middle Letter A-Z - Statistics

General Stats
  • This quiz has been taken 39 times
  • The average score is 98 of 166
Answer Stats
Letter Country % Correct
A
CAS
88%
R
EN
88%
A
GUA
88%
A
IA
88%
R
I BEGAWAN
88%
R
IS
88%
A
KA
88%
A
KRY
88%
A
LA CITY
88%
A
LOFA
88%
A
N CITY
88%
R
OBI
88%
A
PORE
88%
A
REST
88%
A
RINO
88%
A
RTA
88%
A
VILLE
88%
R
BANDAR SE
88%
A
BRAZZ
88%
A
BUCH
88%
A
CAR
88%
A
CON
88%
A
DH
88%
A
GUATEM
88%
A
JAK
88%
A
MAN
88%
R
NAI
88%
A
NUKUʻ
88%
R
PA
88%
A
PR
88%
A
SAN M
88%
A
SING
88%
A
VATIC
88%
R
YA
88%
I
ARA
82%
K
AR
82%
I
ERS
82%
I
GALPA
82%
K
HOLM
82%
I
KIR
82%
I
RO
82%
I
TO
82%
K
YO
82%
I
ALG
82%
I
CA
82%
K
DA
82%
I
HON
82%
I
PAL
82%
I
QU
82%
K
STOC
82%
I
TEGUC
82%
K
TO
82%
N
A'A
73%
N
IS
73%
N
IUS
73%
N
OI
73%
N
SK
73%
N
HA
73%
N
MI
73%
N
SA
73%
N
TU
73%
N
VIL
73%
J
AVIK
61%
J
ING
61%
O
  NOVO
61%
O
NOU
61%
J
OSÉ
61%
O
RESBY
61%
O
RICA
61%
O
SIA
61%
O
UL
61%
J
BEI
61%
O
COT
61%
O
NIC
61%
O
PODG
61%
O
PORT
61%
O
PORT M
61%
J
REYK
61%
J
SAN  
61%
O
SE
61%
L
INN
58%
L
ISI
58%
L
JANA
58%
L
OUIS
58%
L
UMPUR
58%
L
VADOR
58%
L
KUALA  
58%
L
LJUB
58%
L
PORT  
58%
L
SAN SA
58%
L
TAL
58%
L
TBI
58%
M
ABAD
52%
M
AN
52%
M
ANDU
52%
M
  PENH
52%
E
NEPURA KOTTE
52%
M
PHU
52%
E
RDAM
52%
E
VAN
52%
M
AM
52%
E
AMST
52%
M
ISLA
52%
M
KATH
52%
M
PHNO
52%
E
SRI JAYAWARD
52%
M
THI
52%
E
YER
52%
S
ALEM
45%
H
DAD
45%
U
JA
45%
H
KEK
45%
U
LMUD
45%
U
LTAN
45%
S
  AIRES
45%
U
NDÉ
45%
S
TOWN
45%
U
AB
45%
H
BAG
45%
H
BIS
45%
S
BUENO
45%
S
JERU
45%
S
KING
45%
U
NGER
45%
U
NUR-S
45%
U
YAO
45%
B
AATAR
39%
B
ANE
39%
B
AT
39%
B
UL
39%
B
KA
39%
B
MBA
39%
B
RA
39%
B
ULAAN
39%
G
KOK
36%
G
YANG
36%
G
BAN
36%
G
PYON
36%
D
OUGOU
33%
F
IA
33%
D
ISHU
33%
F
-SPAIN
33%
D
UZ
33%
D
MOGA
33%
D
OUAGA
33%
F
PORT-O
33%
F
SO
33%
D
VA
33%
P
ALA
30%
P
AZ
30%
P
OLI
30%
P
KAM
30%
P
LA  
30%
P
TRI
30%
C
RA
27%
C
RE
27%
C
AC
27%
C
SU
27%
T
ARAWA
12%
T
IANE
12%
T
OMÉ
12%
T
SÃO  
12%
T
SOUTH
12%
T
VIEN
12%
Y
IDAW
3%
Y
NAYP
3%
No matching quizzes found
Score Distribution
Percent of People with Each Score
Percentile by Number Answered
Your Score History
You have not taken this quiz